000 01269cam a22003498i 4500
999 _c1393
_d1393
001 19664197
003 OSt
005 20221229100100.0
008 170525t20172018nyu j 000 0 eng c
010 _a 2016047194
020 _a9781482463095 (pbk. book)
040 _aPSt/DLC
_beng
_erda
_cPSt
042 _apcc
082 0 0 _a629.04 JAM
_223
100 1 _aJames, Trisha,
_eauthor.
245 1 0 _aI know things that go /
_cTrisha James.
263 _a1708
264 1 _aNew York :
_bGareth Stevens Publishing,
_c[2017]
264 4 _c©2018
300 _a23 pages :
_bcolor illustrations ;
_c19 cm.
336 _atext
_2rdacontent
337 _aunmediated
_2rdamedia
338 _avolume
_2rdacarrier
490 1 _aWhat I know (Gareth Stevens Publishing)
505 0 _aThis is a bicycle -- This is a scooter -- This is a car -- This is a truck -- This is a tractor -- This is a motorcycle -- This is a bus -- This is a boat -- This is an airplane -- This is a train -- Which way to go do you like best?.
650 0 _aVehicles
_vJuvenile literature.
650 0 _aLocomotion
_vJuvenile literature.
830 0 _aWhat I know (Gareth Stevens Publishing)
906 _a7
_bcbc
_corignew
_d1
_eecip
_f20
_gy-gencatlg
942 _2ddc
_cNFIC